000 00335nam a2200145Ia 4500
008 230718s9999 xx 000 0 und d
041 _aEng.
082 _a423
_bBLA-B
100 _aBlack's Henry Compbell
245 0 _aBlack's Law Act
260 _aPakistan
_bWest Publishers
_c2016
300 _a2016
650 _aLaw
999 _c30845
_d30845